TOP 10 najwięcej wartych firm Lubelszczyzny - Statystyki

Ogólne statystyki
  • Ten quiz został rozwiązany 6 razy
  • Średni wynik to 3 z 10
Statystyki odpowiedzi
Hint Odpowiedź % Poprawnych
1. Lubelski Węgiel "Bogdanka" S.A.
83%
2. Grupa Azoty Zakłady Azotowe "Puławy" S.A.
50%
6. Lubella Food Sp. z o.o.
50%
5. Perła – Browary Lubelskie S.A.
50%
9. Fabryka Kabli Elpar Sp. z o.o.
17%
3. PGE Dystrybucja S.A.
17%
4. Stock Polska Sp. z o.o.
17%
7. Herbapol Lublin S.A.
0%
10. Petrodom Paliwa Sp. z o.o. Sp. k.
0%
8. Zakład Mięsny Wierzejki J M Zdanowscy
0%
Nie znaleziono quizów pasujących do podanych kryteriów
Rozkład punktacji
Procent ludzi z każdym wynikiem
Percentyl według liczby udzielonych odpowiedzi
Twoja historia wyników
Nie rozwiązałeś tego quizu